[Event "Titled Tuesday intern op 23rd June"]
[Site "Chess.com INT"]
[Date "2020.06.23"]
[Round "9"]
[White "Gritsayeva, Oksana"]
[Black "Potapov, Alexander1111"]
[Result "0-1"]
[WhiteElo "2373"]
[BlackElo "2424"]
[PlyCount "88"]
[EventDate "2020.06.23"]
[EventType "swiss (blitz)"]
[EventRounds "10"]
[EventCountry "USA"]
[SourceTitle "CBM 197 Extra"]
[Source "ChessBase"]
[SourceDate "2020.09.30"]
[SourceVersion "1"]
[SourceVersionDate "2020.09.30"]
[SourceQuality "1"]

1. e4 e5 2. Nf3 Nc6 3. Bb5 a6 4. Ba4 Nf6 5. 0-0 b5 6. Bb3 Bb7 7. a4 Bc5 8. axb5 axb5 9. Rxa8 Bxa8 10. Nxe5 Nxe5 11. d4 Bxd4 12. Qxd4 d6 13. f4 Nc6 14. Qd3 0-0 15. Nc3 Na5 16. Ba2 b4 17. Nd5 Nxd5 18. Bxd5 c6 19. Ba2 c5 20. Bd5 Bxd5 21. Qxd5 Re8 22. Be3 Qe7 23. Bf2 Qxe4 24. Re1 Qxe1+ 25. Bxe1 Rxe1+ 26. Kf2 Re8 27. Qxd6 Nc4 28. Qxc5 Nxb2 29. Qxb4 Nd1+ 30. Kf3 Re3+ 31. Kg4 g6 32. g3 Nf2+ 33. Kh4 h6 34. Qd4 Re2 35. c4 Ne4 36. h3 f5 37. g4 Kf7 38. gxf5 gxf5 39. Qd7+ Kf6 40. Qd8+ Kf7 41. Qd7+ Kf6 42. Qc6+ Kf7 43. c5 Rf2 44. Qxh6 Nf6 0-1